000 00640nam a2200181Ia 4500
008 151202s9999||||xx |||||||||||||| ||und||
082 _bPNVM-32805
100 _aअभ्यंकर कुसुम.
245 _aमी हरले ती जिंकली.
260 _b"दीपज्येाती प्रकाशन,पुणे."
260 _c1975
300 _a178
600 _aअभ्यंकर कुसुम.
630 _aमी हरले ती जिंकली.
700 _aअभ्यंकर कुसुम.
730 _aमी हरले ती जिंकली.
942 _cBOOK
999 _c1298766
_d1298763